| 000 | 00515nam a2200169Ia 4500 | ||
|---|---|---|---|
| 999 |
_c6024 _d6024 |
||
| 003 | OSt | ||
| 005 | 20200127112835.0 | ||
| 008 | 190216s9999||||xx |||||||||||||| ||und|| | ||
| 020 | _a8174939377 | ||
| 040 | _coclc | ||
| 082 |
_a338.5024658 _bMIT/M |
||
| 100 |
_aMithani, D M _9552 |
||
| 245 | 0 |
_aManagerial Economics Theory And Applications / _cD M Mithani |
|
| 260 |
_bHimalaya Publishing House, _c2000. _aMumbai: |
||
| 300 | _a492p | ||
| 942 |
_cBK _2ddc _h338.5024658 _iMIT/M _k338.5024658 _mMIT/M |
||